| 000 | 03070namaa2200481uu 4500 | ||
|---|---|---|---|
| 001 | doab133805 | ||
| 003 | oapen | ||
| 005 | 20260218110430.0 | ||
| 006 | m o d | ||
| 007 | cr|mn|---annan | ||
| 008 | 240131s2024 xx |||||o ||| 0|eng d | ||
| 020 | _a9781000986167 | ||
| 020 | _a9781000986211 | ||
| 020 | _a9781003350026 | ||
| 020 | _a9781003350026 | ||
| 020 | _a9781032394992 | ||
| 020 | _a9781032395029 | ||
| 024 | 7 |
_a10.4324/9781003350026 _2doi |
|
| 040 |
_aoapen _coapen _d |
||
| 041 | 0 | _aeng | |
| 042 | _adc | ||
| 720 | 1 |
_aSörman, Anna _4edt |
|
| 245 | 0 | 0 |
_aBroken Bodies, Places and Objects _bNew Perspectives on Fragmentation in Archaeology |
| 260 |
_aOxford _bTaylor & Francis _c2024 |
||
| 300 | _a1 online resource (338 p.) | ||
| 336 |
_atext _btxt _2rdacontent |
||
| 337 |
_acomputer _bc _2rdamedia |
||
| 338 |
_aonline resource _bcr _2rdacarrier |
||
| 506 | 0 |
_fUnrestricted online access _2star |
|
| 520 | _aBroken Bodies, Places and Objects demonstrates the breadth of fragmentation and fragment use in prehistory and history and provides an up-to-date insight into current archaeological thinking around the topic. A seal broken and shared by two trade parties, dog jaws accompanying the dead in Mesolithic burials, fragments of ancient warships commodified as souvenirs, parts of an ancient dynastic throne split up between different colonial collections... Pieces of the past are everywhere around us. Fragments have a special potential precisely because of their incomplete format - as a new matter that can reference its original whole but can also live on with new, unrelated meanings. Deliberate breakage of bodies, places and objects for the use of fragments has been attested from all time periods in the past. It has now been over 20 years since John Chapman's major publication introducing fragmentation studies, and the topic is more present than ever in archaeology. This volume offers the first European-wide review of the concept of fragmentation, collecting case studies from the Neolithic to Modernity and extending the ideas of fragmentation theory in new directions. The book is written for scholars and students in archaeology, but it is also relevant for neighbouring fields with an interest in material culture, such as anthropology, history, cultural heritage studies, museology, art and architecture. | ||
| 540 |
_aCreative Commons _fhttps://creativecommons.org/licenses/by-nc-nd/4.0/ _2cc _uhttps://creativecommons.org/licenses/by-nc-nd/4.0/ |
||
| 546 | _aEnglish | ||
| 650 | 7 |
_aArchaeological theory _2bicssc |
|
| 650 | 7 |
_aArchaeology by period / region _2bicssc |
|
| 720 | 1 |
_aFjellström, Markus _4edt |
|
| 720 | 1 |
_aFjellström, Markus _4oth |
|
| 720 | 1 |
_aNoterman, Astrid A. _4edt |
|
| 720 | 1 |
_aNoterman, Astrid A. _4oth |
|
| 720 | 1 |
_aSörman, Anna _4oth |
|
| 793 | 0 | _aDOAB Library. | |
| 856 |
_uhttps://docs.google.com/spreadsheets/d/1yKIrdCPDAG_9c22mwoOIO2DOhtj65Wqa/edit?usp=sharing&ouid=106555315294820607512&rtpof=true&sd=true _yList of Curated E-Books |
||
| 942 | _cE-BOOK | ||
| 999 |
_c80998 _d80997 |
||